| 000 | 00527nam a22001937a 4500 | ||
|---|---|---|---|
| 003 | MPLRDC | ||
| 005 | 20220104124858.0 | ||
| 008 | 210129b ||||| |||| 00| 0 eng d | ||
| 020 | _a957-13-1156-1 | ||
| 082 | _a876.57 GEN | ||
| 100 | _aJEAN GENET | ||
| 245 |
_a窃贼日记 _c洪凌 译 |
||
| 250 | _a初版三刷 | ||
| 260 |
_a台湾 _b时报文化出版企业股份有限公司 _c1995 |
||
| 300 | _b323 | ||
| 490 | _a大师名作坊 MASTERPIEC:23 | ||
| 650 | _a法国文学--长篇小说 | ||
| 942 |
_cBK _o876.57 GEN |
||
| 999 |
_c22881 _d22871 |
||